Statistics for Tour the World Lyrics

Click here to take the quiz!

General Stats

  • This quiz has been taken 9 times
  • The average score is 37 of 242

Answer Stats

HintAnswer% Correct
I want to go on a safari inAfrica
100%
Uh _____ aren’t common in Africa, why?bears
100%
(Um Bears aren’t ______ in Africa) Why?common
100%
And visitNamibia
100%
OK, now let’s get back to thesong
100%
Lions and ______ and bears oh mytigers
100%
andZambIa
100%
,Benin
80%
, andBotswana
80%
,Burundi
80%
(You ever take a stroll in a ___ ____ in really hot weatherfur coat
80%
So many places to go and we can start withNiger
80%
a country calledBurkina Faso
60%
Nope Well a bear wouldn’t want to do iteither
60%
I bet you didn’t know _______ is theEnglish
60%
We’ll go there and then visitGhana
60%
Which is the capital ofLesotho
60%
We should visitMaseru
60%
official language ofNigeria
60%
____ sits right belowTogo
60%
,Chad
40%
,Congo
40%
,Kenya
40%
Yep, still inAfrica
20%
,Albania
20%
(Where are we going next?) After that isAlgeria
20%
andAndorra
20%
,Austria
20%
Let’s seeBelarus
20%
And then we’ll go toBelgium
20%
(Hey!) ,Bosnia and Herzegovina
20%
,Bulgaria
20%
,Cameroon
20%
,Cape Verde
20%
,Central African Republic
20%
andcheese
20%
andchocolate
20%
Both have very hotClimates
20%
, andComoros
20%
It’s a huge ________ of course we haven’t left yet (Nope)continent
20%
- let’s goCôte d'Ivoire
20%
,Croatia
20%
(Pass me a big ___)cup
20%
And _______ I promise you’ll love itCyprus
20%
And theCzech Republic
20%
, _______ let’s go!Denmark
20%
, andDjibouti
20%
_____ has a rich historyEgypt
20%
Where we can look at the ______ _____ and stare it it for hoursEiffel Tower
20%
(Uh-huh) andEngland
20%
,Equatorial Guinea
20%
,Eritrea
20%
andEstonia
20%
,Ethiopia
20%
,Finland
20%
Speaking of eyeful, let’s go toFrance
20%
,Gabon
20%
,Germany
20%
We’ll party inGreece
20%
,Guinea
20%
,Guinea-Bissau
20%
,Hungary
20%
Let’s have fun inIceland
20%
(and _______)Ireland
20%
some more beautiful _______ I want to sailIslands
20%
In _____ well seeItaly
20%
Well walk around all day inKosovo
20%
Let’s visitLatvia
20%
theLeaning Tower of Pisa
20%
, andLiberia
20%
,Libya
20%
,Liechtenstein
20%
,Lithuania
20%
,Luxembourg
20%
andMacedonia
20%
__________ I remember that movieMadagascar
20%
,Mali
20%
,Malta
20%
,Mauritania
20%
,Moldova
20%
,Monaco
20%
,Montenegro
20%
,Morocco
20%
,Mozambique
20%
,Northern Ireland
20%
, andNorway
20%
and then take a look at _____ ______’s artworkPablo Picasso
20%
In ______ you’ll get more than an eyefulPoland
20%
We’ll see thePope
20%
The scenery is beautiful inPortugal
20%
We should visit the ________ what a site to see (Let’s go!)Pyramids
20%
andRomania
20%
We canrun with the bulls
20%
(Switch it Up) Let’s go toRussia
20%
,Rwanda
20%
,San Marino
20%
,Scotland
20%
, andSenegal
20%
fromSerbia
20%
Can’t wait to inhale the air ofSeychelles
20%
,Sierra Leone
20%
toSlovakia
20%
toSlovenia
20%
,Somalia
20%
,South Africa
20%
, andSouth Sudan
20%
inSpain
20%
,Sudan
20%
andSwaziland
20%
And thenSweden
20%
is the country ofSwitzerland
20%
Let’s seeTanzania
20%
You’re invited so come on overThe Netherlands
20%
Can’t wait to pay a visit to allthree
20%
We’ll take thetrain
20%
and then we’ll go toTürkiye
20%
,Uganda
20%
and spend a few days in theUkraine
20%
, and theUnited Arab Emirates
20%
make up theUnited Kingdom
20%
in theVatican City
20%
,Wales
20%
A place very well known forWatches
20%
,Zimbabwe
20%
,Afghanistan
0%
,Angola
0%
,Antigua, Barbuda
0%
,Argentina
0%
,Armenia
0%
are all on the continent ofAsia
0%
, andAustralia
0%
Take meaway
0%
,Azerbaijan
0%
,Bagladesh
0%
,Bahamas
0%
,Bahrain
0%
But did you know she was born inBarbados
0%
AfterBelize
0%
,Bhutan
0%
,Bolivia
0%
,Brunei
0%
,Cambodia
0%
I’m gonna go seeCanada
0%
,Chile
0%
,China
0%
Did you know ________ originatedcinnamon
0%
and the RomanColiseum
0%
,Colombia
0%
,Costa Rica
0%
just likeCuba
0%
,Dominica
0%
,Dominican Republic
0%
,East Timor
0%
,Ecuador
0%
,El Slavdador
0%
We’re going reallyfar
0%
____ IslandsFiji
0%
No but I love it on my ______ _____ so thank yaFrench Toast
0%
, andGambia
0%
,Georgia
0%
, andGrenada
0%
The first chocolate bar was invented inGuatamala
0%
,Guyana
0%
_____ is where I was bornHaiti
0%
,Honduras
0%
,India
0%
,Indonesia
0%
Great, but don’t forget the ____ give a bit moreinfo
0%
Ok I’ll give moreinformation
0%
,Iran
0%
,Iraq
0%
,Israel
0%
It’s so beautiful, just likeJamica
0%
,Japan
0%
,Jordan
0%
,Kazakhstan
0%
________ is also known as KiribusKiribati
0%
,Kuwait
0%
,Kyrgyzstan
0%
,Laos
0%
,Lebanon
0%
, andMalaysia
0%
,Maldives
0%
,Marshall Islands
0%
,Mauritius
0%
,Mawali
0%
Tourist visit the Mayan temple inMexico
0%
Let’s exploreMicronesia
0%
Let’s go _____ awaymiles
0%
(I love _____)Mocha
0%
Do you loveMocha
0%
,Mongolia
0%
(Wait, slow down this tour is ______ _______ manmoving quickly
0%
,Myanmar
0%
,Nauru
0%
ThenNepal
0%
Can’t forgetNew Zealand
0%
,andNicaragua
0%
, andNorth Korea
0%
,Oman
0%
These are the _______ IslandsPacific
0%
(,)Pakistan
0%
,Palau
0%
,Panama
0%
________________ is goerguesPapua New Guinea
0%
,Paraguay
0%
,Peru
0%
We plan to travel to many different lands like thePhilippines
0%
Those are ______ I wanna take youplaces
0%
(Now that’s a good ____)plan
0%
Let’s go toQatar
0%
(Thank you) _______ is a singer that we all know (That’s right)Rihanna
0%
,Saint Kitts and Nevis
0%
I loveSaint Lucia
0%
Guess what? (What?) Pirates of the Caribbean was shot inSaint Vincent and the Grenadines
0%
,Samoa
0%
_____________________ are really beautiful Islands, I’ve got to saySão Tomé and Príncipe
0%
,Saudi Arabia
0%
andSingapore
0%
,Solomon Islanda
0%
,South Korea
0%
inSri Lanka
0%
,Suriname
0%
,Syria
0%
(Switch It up) ,Taiwan
0%
, andTajikistan
0%
,Thailand
0%
If you don’t mind I had to _____ ____ __ the song (Of course)throw that in
0%
,Tonga
0%
We’ll head there afterTrinidad and Tobago
0%
,Tunisia
0%
, andTurkmenistan
0%
,andTuvalu
0%
In my last song I toured theUnited States
0%
,Uruguay
0%
,Uzbekistan
0%
,Vanuatu
0%
Who wants to come along with us? To…Venezuela
0%
,Vietnam
0%
______________ now we’re leaving AfricaWestern Sahara
0%
Now I’m all over the _____ and it feels greatworld
0%
Well that originated inYemen
0%

Score Distribution

Percentile by Number Answered

Percent of People with Each Score

Your Score History

You have not taken this quiz